00748 a2200205 4500999001900000005001700019010001500036020003000051035001400081037001600095082001300111245007600124250000900200260005300209270007900262300002800341700001800369942003200387952012300419 c182876d18287620220221130050.0 aENG-130243 c795.00a978-81-321-0741-5 aEN-113775 bDBAD / PUB a320.6082 aHarvesting Feminist Knowledge for Public Policy/bEdited by Devaki Jain a2011 aNew DelhibSage Publications India Pvt Ltdc2011 aB1/I-1, Mohan Cooperative Industrial Area, Mathura RoadbNew Delhie110044 axivi, 347p.c23cm (hbk) a Elson, Diane adplcEN2ddch320.6082mHAR 001040708NFICaAVbAVd2021-12-08eDBAD/PUBg795.00l0o320.6082 HARpEN-113775r2021-12-08 00:00:00t1v795.00yEN